[Event "CZE-chT2B 1314"]
[Site "Czech Republic"]
[Date "2014.02.16"]
[Round "8.3"]
[White "Jina, Jiri"]
[Black "Bednar, Marcel"]
[Result "1-0"]
[WhiteElo "2155"]
[BlackElo "2265"]
[PlyCount "107"]
[EventDate "2013.11.03"]
[EventType "team-tourn"]
[EventRounds "11"]
[EventCountry "CZE"]
[SourceTitle "EXT 2015"]
[Source "ChessBase"]
[SourceDate "2014.11.20"]
[SourceVersion "1"]
[SourceVersionDate "2014.11.20"]
[SourceQuality "1"]
[WhiteTeam "Novoborsky III"]
[BlackTeam "Vysehrad"]
[WhiteTeamCountry "CZE"]
[BlackTeamCountry "CZE"]

1. Nf3 Nf6 2. d4 g6 3. g3 b5 4. Bg2 Bb7 5. 0-0 Bg7 6. c4 bxc4 7. Nbd2 d5 8. Ne5 c6 9. e4 Qb6 10. exd5 cxd5 11. Qa4+ Nbd7 12. Re1 Rb8 13. Ndf3 Rd8 14. b3 0-0 15. bxc4 Nxe5 16. dxe5 Bc6 17. Qc2 Nd7 18. Rb1 Qc5 19. e6 fxe6 20. Rxe6 d4 21. Rxc6 Qxc6 22. Nxd4 Qf6 23. Bd5+ Kh8 24. Ne6 Ne5 25. Bb2 Rb8 26. Nxg7 Kxg7 27. f4 Rxb2 28. Qxb2 Ng4 29. Qxf6+ Nxf6 30. Be6 Rd8 31. Rb7 Rd6 32. Rxe7+ Kh6 33. g4 g5 34. h4 gxf4 35. g5+ Kg6 36. Bf7+ Kf5 37. gxf6 Ra6 38. Bd5 Kxf6 39. Rxh7 Rxa2 40. Rf7+ Ke5 41. h5 Ra6 42. Kf2 Ra2+ 43. Kf3 Rh2 44. Kg4 a5 45. Rxf4 a4 46. Rf5+ Kd4 47. Rf1 a3 48. Ra1 a2 49. Kg5 Rd2 50. h6 Kc3 51. h7 Rh2 52. Kg6 Kb2 53. Rxa2+ Kxa2 54. Kg7 1-0

[Event "CZE-chT2B 0910"]
[Site "Czech Republic"]
[Date "2010.03.14"]
[Round "9.7"]
[White "Tichy, Stepan"]
[Black "Jina, Jiri"]
[Result "1-0"]
[WhiteElo "2051"]
[BlackElo "2124"]
[PlyCount "69"]
[EventDate "2009.10.18"]
[EventType "team-tourn"]
[EventRounds "11"]
[EventCountry "CZE"]
[SourceTitle "EXT 2012"]
[Source "ChessBase"]
[SourceDate "2011.11.24"]
[SourceVersion "1"]
[SourceVersionDate "2011.11.24"]
[SourceQuality "1"]
[WhiteTeam "Karlovy Vary"]
[BlackTeam "Novoborsky III"]
[WhiteTeamCountry "CZE"]
[BlackTeamCountry "CZE"]

1. c4 c5 2. Nc3 g6 3. g3 Bg7 4. Bg2 Nc6 5. d3 d6 6. Nf3 Bd7 7. e4 a6 8. 0-0 Rb8 9. a4 Nd4 10. Nxd4 cxd4 11. Nd5 b5 12. axb5 axb5 13. b3 e6 14. Nf4 Ne7 15. Ba3 Qb6 16. Qc2 b4 17. Bb2 0-0 18. Ra2 Bc6 19. Rfa1 Ra8 20. Bc1 Rxa2 21. Rxa2 Bb7 22. Bd2 Nc6 23. Ra4 Ra8 24. Qa2 Rxa4 25. Qxa4 Bf8 26. Ne2 Ne5 27. Nc1 d5 28. exd5 exd5 29. Qe8 Qe6 30. Qb8 dxc4 31. Bxb7 cxb3 32. Nxb3 Nd7 33. Qd8 Qxb3 34. Bh6 Qe6 35. Bc8 1-0

[Event "CZE-chT2B 0910"]
[Site "Czech Republic"]
[Date "2009.10.18"]
[Round "1.8"]
[White "Cenkovic, Tomas"]
[Black "Jina, Jiri"]
[Result "1/2-1/2"]
[WhiteElo "2092"]
[BlackElo "2124"]
[PlyCount "92"]
[EventDate "2009.10.18"]
[EventType "team-tourn"]
[EventRounds "11"]
[EventCountry "CZE"]
[SourceTitle "EXT 2012"]
[Source "ChessBase"]
[SourceDate "2011.11.24"]
[SourceVersion "1"]
[SourceVersionDate "2011.11.24"]
[SourceQuality "1"]
[WhiteTeam "Most Marty"]
[BlackTeam "Novoborsky III"]
[WhiteTeamCountry "CZE"]
[BlackTeamCountry "CZE"]

1. e4 d6 2. d4 Nf6 3. Nc3 g6 4. Bc4 Bg7 5. Qe2 Nc6 6. e5 Nxd4 7. exf6 Nxe2 8. fxg7 Rg8 9. Ngxe2 Rxg7 10. Bh6 Rg8 11. h4 Be6 12. Bxe6 fxe6 13. 0-0-0 Qd7 14. Rhe1 0-0-0 15. f4 c5 16. Ne4 e5 17. Bg5 Qc6 18. N2g3 d5 19. Nc3 exf4 20. Bxf4 e6 21. Re2 b5 22. Rde1 Rde8 23. Nb1 Rgf8 24. Bh6 Rf6 25. Nd2 e5 26. Bg7 e4 27. Bxf6 Qxf6 28. Ngxe4 dxe4 29. Nxe4 Qf4+ 30. Kb1 Kc7 31. g3 Qf3 32. a3 Kc6 33. Re3 Qf5 34. Kc1 a5 35. b3 b4 36. a4 Qe5 37. c4 Qa1+ 38. Kc2 Qa2+ 39. Kc1 Qa3+ 40. Kc2 Rxe4 41. Rxe4 Qa2+ 42. Kc1 Qa1+ 43. Kd2 Qc3+ 44. Ke2 Qxg3 45. Kf1 Qf3+ 46. Kg1 Qg3+ 1/2-1/2

[Event "CZE-chT1W 0607"]
[Site "Czech Republic"]
[Date "2007.03.18"]
[Round "10.7"]
[White "Podbrdsky, Pavel"]
[Black "Jina, Jiri"]
[Result "1-0"]
[WhiteElo "2121"]
[BlackElo "2135"]
[PlyCount "69"]
[EventDate "2006.10.29"]
[EventType "team"]
[EventRounds "11"]
[EventCountry "CZE"]
[SourceTitle "EXT 2009"]
[Source "ChessBase"]
[SourceDate "2008.11.26"]
[SourceVersion "1"]
[SourceVersionDate "2008.11.26"]
[SourceQuality "1"]
[WhiteTeam "Praha Dukla"]
[BlackTeam "Novoborsky"]
[WhiteTeamCountry "CZE"]
[BlackTeamCountry "CZE"]

1. c4 e6 2. d4 d5 3. Nc3 Nf6 4. Bg5 Be7 5. cxd5 exd5 6. e3 c6 7. Bd3 Nbd7 8. Qc2 0-0 9. Nge2 Re8 10. 0-0 Nf8 11. a3 Ne4 12. Bxe7 Qxe7 13. b4 a6 14. a4 Ng6 15. Rab1 Nh4 16. Ng3 f5 17. b5 axb5 18. axb5 Ra3 19. Bxe4 fxe4 20. Na4 Qf7 21. Nb6 Bh3 22. bxc6 bxc6 23. Qxc6 Bxg2 24. Rfc1 Bh3 25. Qxd5 Nf3+ 26. Kh1 Ra2 27. Qxf7+ Kxf7 28. Rf1 Bxf1 29. Rxf1 Nd2 30. Rc1 g6 31. Rc7+ Re7 32. Rxe7+ Kxe7 33. Nd5+ Ke6 34. Nc3 h6 35. Nxa2 1-0

[Event "Liape Open-005 email"]
[Site "Liape email"]
[Date "2002.09.12"]
[Round "5"]
[White "Jina, Jiri"]
[Black "Guillen Conejeros, Pablo"]
[Result "1-0"]
[WhiteElo "2159"]
[BlackElo "1600"]
[PlyCount "37"]
[EventDate "2002.09.08"]
[EventType "tourn (corr)"]
[EventRounds "6"]
[EventCountry "ARG"]
[SourceTitle "Corr 2006"]
[Source "ChessBase"]
[SourceDate "2006.04.01"]
[SourceVersion "3"]
[SourceVersionDate "2006.04.01"]
[SourceQuality "1"]

1. c4 Nf6 2. Nc3 g6 3. Nf3 Bg7 4. g3 0-0 5. Bg2 d6 6. d4 c5 7. 0-0 Qb6 8. d5 Bg4 9. Re1 Nbd7 10. h3 Bxf3 11. exf3 Ne5 12. b3 Rfe8 13. f4 Ned7 14. Bb2 e5 15. dxe6 Rxe6 16. Qd2 Rc8 17. Rad1 a6 18. Rxe6 fxe6 19. Qxd6 1-0

[Event "Liape Open-005 email"]
[Site "Liape email"]
[Date "2002.09.10"]
[Round "3"]
[White "Jina, Jiri"]
[Black "Venturas, Bob"]
[Result "1-0"]
[WhiteElo "2159"]
[BlackElo "1600"]
[PlyCount "38"]
[EventDate "2002.09.08"]
[EventType "tourn (corr)"]
[EventRounds "6"]
[EventCountry "ARG"]
[SourceTitle "Corr 2006"]
[Source "ChessBase"]
[SourceDate "2006.04.01"]
[SourceVersion "3"]
[SourceVersionDate "2006.04.01"]
[SourceQuality "1"]

1. c4 c5 2. Nc3 Nc6 3. Nf3 Nf6 4. g3 b6 5. Bg2 h6 6. 0-0 Bb7 7. d3 e6 8. e4 d6 9. d4 Be7 10. d5 Nb8 11. e5 Nfd7 12. exd6 Bf6 13. dxe6 fxe6 14. Ng5 hxg5 15. Bxb7 Nc6 16. Bxc6 Rb8 17. Re1 e5 18. Qd5 Rf8 19. Rxe5+ Bxe5 1-0

[Event "Liape Open-005 email"]
[Site "Liape email"]
[Date "2002.09.09"]
[Round "2"]
[White "Uzcategui Breisse, Jorge"]
[Black "Jina, Jiri"]
[Result "0-1"]
[WhiteElo "1800"]
[BlackElo "2159"]
[PlyCount "72"]
[EventDate "2002.09.08"]
[EventType "tourn (corr)"]
[EventRounds "6"]
[EventCountry "ARG"]
[SourceTitle "Corr 2006"]
[Source "ChessBase"]
[SourceDate "2006.04.01"]
[SourceVersion "3"]
[SourceVersionDate "2006.04.01"]
[SourceQuality "1"]

1. e4 e5 2. Nf3 Nc6 3. Bc4 Nf6 4. Ng5 d5 5. exd5 Na5 6. Bb5+ c6 7. dxc6 bxc6 8. Qf3 Rb8 9. Be2 h6 10. Ne4 Nxe4 11. Qxe4 Qd4 12. Nc3 Qxe4 13. Nxe4 f5 14. Nc3 Bc5 15. d3 Be6 16. a3 Ke7 17. h4 Bd4 18. h5 c5 19. Nd1 c4 20. dxc4 Rhc8 21. c3 Nb3 22. Rb1 Bb6 23. f4 Rxc4 24. fxe5 Re4 25. Nf2 Nxc1 26. Nxe4 Nxe2 27. Kxe2 fxe4 28. b3 Rf8 29. c4 Rf2+ 30. Ke1 Rc2 31. Rf1 Be3 32. a4 Bg4 33. Rh1 Bf2+ 34. Kf1 e3 35. g3 Bxg3 36. Re1 Bxe1 0-1

[Event "CZE-chT2b 0001"]
[Site "Czech Republic"]
[Date "2001.??.??"]
[Round "?"]
[White "Ledvina, Jiri"]
[Black "Jina, Jiri"]
[Result "1/2-1/2"]
[WhiteElo "1865"]
[BlackElo "2055"]
[PlyCount "20"]
[EventDate "2000.??.??"]
[EventType "team"]
[EventRounds "11"]
[EventCountry "CZE"]
[SourceTitle "EXT 2003"]
[Source "ChessBase"]
[SourceDate "2002.11.25"]
[SourceVersion "1"]
[SourceVersionDate "2002.11.25"]
[SourceQuality "1"]

1. e4 c5 2. Nf3 d6 3. d4 cxd4 4. Nxd4 Nf6 5. Nc3 a6 6. Be2 b5 7. Bf3 e5 8. Nb3 Be7 9. 0-0 Bb7 10. Re1 0-0 1/2-1/2